<?xml version="1.0" encoding="UTF-8"?>
<collection xmlns:xsi="http://www.w3.org/2001/XMLSchema-instance" xsi:schemaLocation="http://www.loc.gov/MARC21/slim http://www.loc.gov/standards/marcxml/schema/MARC21slim.xsd" xmlns="http://www.loc.gov/MARC21/slim">
 <record>
  <leader>00000ctm a22000004a 4500</leader>
  <controlfield tag="001">UP-99796217608930614</controlfield>
  <controlfield tag="003">Buklod</controlfield>
  <controlfield tag="005">20090725090409.0</controlfield>
  <controlfield tag="006">a     r    |||| u|</controlfield>
  <controlfield tag="007">ta</controlfield>
  <controlfield tag="008">090725s2008    xx     d     r    |||| u|</controlfield>
  <datafield tag="035" ind1=" " ind2=" ">
   <subfield code="a">(iLib)UPD-00106798453</subfield>
  </datafield>
  <datafield tag="040" ind1=" " ind2=" ">
   <subfield code="a">DEDUC</subfield>
   <subfield code="e">rda</subfield>
  </datafield>
  <datafield tag="041" ind1=" " ind2=" ">
   <subfield code="a">eng</subfield>
  </datafield>
  <datafield tag="042" ind1=" " ind2=" ">
   <subfield code="a">DMLUC</subfield>
  </datafield>
  <datafield tag="090" ind1=" " ind2=" ">
   <subfield code="a">LG 995 2008 E33</subfield>
   <subfield code="b">N47</subfield>
  </datafield>
  <datafield tag="100" ind1="1" ind2=" ">
   <subfield code="a">Nery, Ma. Lourdes S.</subfield>
   <subfield code="e">author.</subfield>
  </datafield>
  <datafield tag="245" ind1="1" ind2="0">
   <subfield code="a">Teacher participation in decision-making in a school-based union</subfield>
   <subfield code="b">a case study</subfield>
   <subfield code="c">Ma. Lourdes S. Nery.</subfield>
  </datafield>
  <datafield tag="264" ind1=" " ind2="1">
   <subfield code="c">2008.</subfield>
  </datafield>
  <datafield tag="300" ind1=" " ind2=" ">
   <subfield code="a">[10], 151, [8] leaves</subfield>
   <subfield code="c">28 cm</subfield>
  </datafield>
  <datafield tag="336" ind1=" " ind2=" ">
   <subfield code="a">text</subfield>
   <subfield code="2">rdacontent</subfield>
  </datafield>
  <datafield tag="337" ind1=" " ind2=" ">
   <subfield code="a">unmediated</subfield>
   <subfield code="2">rdamedia</subfield>
  </datafield>
  <datafield tag="338" ind1=" " ind2=" ">
   <subfield code="a">volume</subfield>
   <subfield code="2">rdacarrier</subfield>
  </datafield>
  <datafield tag="502" ind1=" " ind2=" ">
   <subfield code="a">Thesis (M.A. Educational Administration)--University of the Philippines, Diliman.</subfield>
  </datafield>
  <datafield tag="520" ind1=" " ind2=" ">
   <subfield code="a">This study investigated the change in the degree of control of teachers in decision-making in the domains of faculty classification, economic benefits, curriculum and instruction, faculty development, and the classroom standards, after they have become members of the faculty          union. Purposive sampling was used to choose the University of Sto. Tomas Faculty Union (USTFU) as the unit of study. A sample size of 35 respondents was randomly chosen to answer a questionnaire designed by the researcher. The key findings include: the degree of control of teachers in decision  making in the area of faculty classification posted the highest change, from moderate to a high level of control; and that there are areas that remain management prerogative such as budget preparation, etc. The culture of teacher union in the Philippines can also be explored and how teacher unions can be a vehicle or hindrance to educational development.</subfield>
  </datafield>
  <datafield tag="650" ind1=" " ind2="0">
   <subfield code="a">Teacher participation in administration</subfield>
   <subfield code="z">Philippines</subfield>
   <subfield code="z">Manila</subfield>
   <subfield code="v">Case studies.</subfield>
  </datafield>
  <datafield tag="650" ind1=" " ind2="0">
   <subfield code="a">Education</subfield>
   <subfield code="z">Philippines</subfield>
   <subfield code="z">Manila</subfield>
   <subfield code="x">Decision-making</subfield>
   <subfield code="v">Case studies.</subfield>
  </datafield>
  <datafield tag="650" ind1=" " ind2="0">
   <subfield code="a">Teachers' unions</subfield>
   <subfield code="z">Philippines</subfield>
   <subfield code="z">Manila</subfield>
   <subfield code="v">Case studies.</subfield>
  </datafield>
  <datafield tag="691" ind1="2" ind2="4">
   <subfield code="a">University of Santo Tomas Faculty Union</subfield>
   <subfield code="x">Case studies.</subfield>
  </datafield>
  <datafield tag="905" ind1=" " ind2=" ">
   <subfield code="a">FI</subfield>
  </datafield>
  <datafield tag="905" ind1=" " ind2=" ">
   <subfield code="a">UP</subfield>
  </datafield>
  <datafield tag="852" ind1="0" ind2=" ">
   <subfield code="a">UPD</subfield>
   <subfield code="b">DARCHIVES</subfield>
   <subfield code="h">LG 995 2008 E33</subfield>
   <subfield code="i">N47</subfield>
  </datafield>
  <datafield tag="852" ind1="0" ind2=" ">
   <subfield code="a">UPD</subfield>
   <subfield code="b">DEDUC</subfield>
   <subfield code="h">LG 995 2008 E33</subfield>
   <subfield code="i">N47</subfield>
  </datafield>
  <datafield tag="942" ind1=" " ind2=" ">
   <subfield code="a">Thesis</subfield>
  </datafield>
 </record>
</collection>
